Etiqueta de registo: 00605cas 02200229 04500
001 99120
003 http://id.bnportugal.gov.pt/bib/catbnp/99120
100 ## $a19981119b19751976m y0pora01030103ba
101 0# $apor
102 ## $aPT
106 ## $ar
110 ## $aadbzz 0uu0
200 1# $aVisão$epara uma nova banda desenhada portuguesa$fpropr. Edibanda$gdir. Victor Mesquita
207 #0 $aNº 1 (1 abr. 1975) - nº 12 (maio 1976)
210 #9 $aLisboa$cEdibanda,$d1975-1976
215 ## $d33 cm
317 ## $aColeção Leandro de Moraes Sarmento$5PTBN: L.M.S. 262
326 ## $aMensal$bnov. 1975-maio 1976
326 ## $aQuinzenal$babr.-out. 1975
606 ## $aBanda desenhada$x[Periódicos]$2SIPOR$3887831
606 ## $aLiteratura juvenil$x[Periódicos]$2SIPOR$31883993
675 ## $a741.5(05)$vBN$zpor$3300845
675 ## $a087.6(05)$vmed$zpor$3288488
702 #1 $aMesquita,$bVítor,$f1939-$4300$3150515
712 02 $91$aEdições Edibanda$4650$31994080
801 #0 $aPT$bBN$gRPC
966 ## $lBN$mFGREV$pBiblioteca particular Leandro de Moraes Sarmento$sL.M.S. 262 $x3
966 ## $lBN$mFGREV$sP.P. 3741 A.$x1